[Event "GER-chT U20 Girls"]
[Site "Braunschweig"]
[Date "2019.12.28"]
[Round "4.2"]
[White "Cerkez, Lorena"]
[Black "Danilova, Sofia"]
[Result "1-0"]
[WhiteElo "1000"]
[BlackElo "980"]
[PlyCount "91"]
[EventDate "2019.12.27"]
[EventType "team-swiss"]
[EventRounds "7"]
[EventCountry "GER"]
[SourceTitle "CBM 194 Extra"]
[Source "ChessBase"]
[SourceDate "2020.03.31"]
[SourceVersion "1"]
[SourceVersionDate "2020.03.31"]
[SourceQuality "1"]
[WhiteTeam "Duesseldorf SK"]
[BlackTeam "Lingen"]
[WhiteTeamCountry "GER"]
[BlackTeamCountry "GER"]

1. e4 g6 2. d4 Bg7 3. Nf3 d6 4. Bd3 e5 5. d5 c6 6. c4 Nf6 7. Nc3 Nbd7 8. h3 Nc5 9. Bc2 0-0 10. 0-0 Nh5 11. Ne2 b5 12. b3 Nf4 13. Nxf4 exf4 14. Rb1 Re8 15. Re1 bxc4 16. bxc4 cxd5 17. cxd5 Bc3 18. Bd2 Bf6 19. Bxf4 Ba6 20. Bc1 Be5 21. Nxe5 dxe5 22. Bh6 Qh4 23. Bc1 Rab8 24. Ba3 Nd7 25. Ba4 Red8 26. Rxb8 Nxb8 27. Bc2 Nd7 28. Bd3 Bc8 29. Qe2 Nf6 30. Be7 Re8 31. Bxf6 Qxf6 32. Rc1 Qg5 33. Qe3 Qh4 34. Bb5 Rd8 35. Rc7 Qf6 36. Qc5 Ba6 37. Rc6 Qf4 38. Bxa6 Kg7 39. Rc8 Rxc8 40. Bxc8 Qxe4 41. d6 Qb1+ 42. Kh2 e4 43. d7 e3 44. Qxe3 Qb8+ 45. Qg3 Qxg3+ 46. Kxg3 1-0